| 000 | 01471cam a22003614i 4500 | ||
|---|---|---|---|
| 999 |
_c46244 _d46244 |
||
| 001 | 19887 | ||
| 003 | CO-MdFUSB | ||
| 005 | 20190202100412.0 | ||
| 008 | 180227s1940 enk||||| |||| 00| 0 eng d | ||
| 040 |
_aCO-MdFUSB _bspa _cCO-MdFUSB _dCO-MdFUSBC _erda |
||
| 041 | 0 | _aeng | |
| 082 | 0 | 4 |
_aG 227.06 _223 _bC318p |
| 100 | 1 |
_aCarrington, Philip, 1892-1975 _eautor |
|
| 245 | 1 | 4 |
_aThe primitive Christian catechism _b : A study in the epistles _c/ Philip Carrington |
| 264 | 1 |
_aCambridge, England : _bAt the University Press, _c℗[1940] |
|
| 264 | 1 | _c©[1940] | |
| 300 |
_a95 páginas ; _c22 cm |
||
| 336 |
_2rdacontent _atexto _btxt |
||
| 337 |
_2rdamedia _asin mediación _bn |
||
| 338 |
_2rdacarrier _avolumen _bnc |
||
| 501 | _aPasta dura | ||
| 505 | 0 | 0 | _aLa primitiva catequesis cristiana: Un estudio en las epístolas - Torá en Israel - Bautismo de prosélitos - 1 Pedro y paralelos - Los cuatro puntos - El vocabulario del patrón - El patrón común - La unidad social-religiosa - La escritura de los documentos - La recepción de la palabra |
| 650 | 0 |
_aBiblia _916 |
|
| 650 | 7 |
_aCrítica textual _2 _9482 |
|
| 650 | 7 |
_aHermenéutica _9418 |
|
| 650 | 7 |
_aTeología bíblica _9320 |
|
| 653 | _aBible. Epistles of Paul - Criticism, interpretation, etc. | ||
| 653 | _aBible. Epistles of Paul -Theology | ||
| 653 | _aBiblia. - Epístolas - La crítica, interpretación, etc. | ||
| 653 | _aBiblia. - Epístolas. | ||
| 942 | _cBK | ||